Statistiques concernant Sonic le Hérisson - Générique (Paroles)

Cliquez ici pour prendre le quiz!

Statistiques générales

  • Ce quiz a été pris 20 fois
  • Le résultat moyen est 134 sur 263

Statistiques - réponses

Paroles% Correct
Sonic
100%
SONIC
100%
le
87%
Le
87%
a
80%
la
80%
Cours
67%
cours
67%
et
67%
Et
67%
il
67%
vite
67%
ce
60%
de
60%
Je
60%
je
60%
Plus
60%
plus
60%
que
60%
rapide
60%
Tu
60%
Vous
60%
vous
60%
me
53%
nous
53%
si
53%
Allez
47%
ils
47%
ne
47%
par
47%
pas
47%
qui
47%
suis
47%
tous
47%
c'est
40%
Ceux
40%
ceux
40%
ci
40%
comme
40%
l'éclair
40%
m'auras
40%
sont
40%
supersonique
40%
une
40%
accrocher
33%
accrochez-vous
33%
Accrochez-vous
33%
bien
33%
dans
33%
derrière
33%
l'électronique
33%
loin
33%
malin
33%
moi
33%
Moi
33%
mon
33%
pis
33%
romantique
33%
rusé
33%
suivre
33%
Tant
33%
camp
27%
champion
27%
chef
27%
dépasser
27%
faudra
27%
file
27%
J'ai
27%
lame
27%
m'aime
27%
m'aurez
27%
pêche
27%
quand
27%
suive
27%
sympathique
27%
voudraient
27%
y'en
27%
allons
20%
Coupant
20%
difficile
20%
dynamique
20%
j'entraîne
20%
l'avant
20%
n'est
20%
rester
20%
style
20%
tentez
20%
trainez
20%
tranquille
20%
volcanique
20%
trainer
13%

Distribution des résultats

Percentile par nombre de réponses

% des personnes avec chaque résultat

Votre développement - résultats

Vous n’avez pas pris ce quiz